Music Quiz

Random Music or Rock Quiz

Bands in Concert Quiz Stats

Quiz Updated Feb 11, 2015

Also try: Band by Live Album
Challenge
Share
Tweet
Score 0/25 Timer 07:00
1 Play Today
% Correct
Queen
97.3%
U2
89.3%
The Beatles
88.3%
AC/DC
82.2%
Aerosmith
81.4%
Led Zeppelin
77%
The Who
74.6%
Simon and Garfunkel
74.3%
Metallica
73.6%
Joan Jett & the Blackhearts
69.1%
Van Halen
68.7%
Fleetwood Mac
68.4%
Sex Pistols
64.4%
% Correct
Nirvana
63.3%
Guns N' Roses
61.1%
Mötley Crue
57.4%
The Doors
57%
Grateful Dead
54.7%
The Smashing Pumpkins
53.1%
Rage Against the Machine
46.3%
Rush
44.3%
Creedence Clearwater Revival
40%
Beastie Boys
31.8%
The Velvet Underground
27.4%
Nine Inch Nails
25.2%

You're not logged in!

Compare scores with friends on all Sporcle quizzes.
Sign Up with Email
OR
Log In

You Might Also Like...

Show Comments

Extras

Top Quizzes Today


Score Distribution

Your Account Isn't Verified!

In order to create a playlist on Sporcle, you need to verify the email address you used during registration. Go to your Sporcle Settings to finish the process.